BIBLIOTHÈQUE DE LA MAISON DU MEXIQUE

Logo 1 Logo 2

Estado y nación (notice nᵒ 12587)

détails MARC
000 -Sello discográfico
campo de control de longitud fija 00959nam a2200325 4500
005 - Identificación de versión
campo de control 20251016083151.0
035 ## - Otros números de control del sistema
Número de control del sistema 8426
099 ## - fechas locales
Tipo de ítem Koha LIBRO
100 ## - Datos de procesamiento general
Datos de procesamiento general 19930801d1968 m y1spay5003 ba
101 1# - Idioma del recurso
Idioma del texto, banda sonora, etc. Español; Castellano
Idioma de la obra original Inglés
105 ## - Campo de datos codificados: Material textual, monográfico
Datos codificados de monografía y 001zy
200 1# - Título y mención de responsabilidad
Título propio Estado y nación
Designación general del material texto impreso
Primer mención de responsabilidad Benjamin Akzin
Declaración de responsabilidad subsiguiente traducción de Ernesto de la Peña
205 ## - Declaración de edición
Declaración de edición 1a ed
210 ## - Publicación, distribución, etc.
Lugar de publicación, distribución, etc. México
Nombre del editor, distribuidor, etc. Fondo de Cultura Económica
Fecha de publicación, distribución, etc. 1968
215 ## - Descripción física
Designación de material específico y extensión del ítem 241 p
Dimensiones 17 cm
345 ## - Nota de información de adquisición
Fuente de adquisición/dirección de la suscripción [OBSOLETO] Donación
410 #1 - Series
Título Breviarios del Fondo de Cultura Económica
Número de volumen 200
454 #1 - Traducción de
Título State and Nation
606 ## - Término temático usado como materia
Elemento de entrada Estado, El
Número Koha 2622
606 ## - Término temático usado como materia
Elemento de entrada Nacionalismo
Número Koha 578
700 ## - Nombre personal - Responsabilidad primaria
Elemento de entrada Akzin
Parte del nombre distinta del elemento de entrada Benjamin
Fechas 1904-1985
Número Koha 19336
702 ## - Nombre personal - Responsabilidad secundaria
Elemento de entrada Peña
Parte del nombre distinta del elemento de entrada Ernesto de la
Fechas 1927-2012
Número Koha 4816
801 #0 - Fuente de origen
Agencia cm
900 ## -
-- 1/9701
900 ## -
-- 710935367\\010893
942 ## - ELEMENTOS DE ENTRADA SECUNDARIOS (KOHA)
Tipo de ítem Koha Livre
996 ## -
-- MEX
-- 751145101
-- MMAG
-- 004664
-- 082.1 B846 V.200
-- 20210423LIV
Exemplaires
Estatus retirado Estado de daño Estado de pérdida Fecha de adquisición Biblioteca de origen Biblioteca actual Ubicación en estantería Código de barras Precio de reemplazo Signatura topográfica completa No para préstamo Tipo de ítem Koha Nota pública Nota no pública
      05/08/2025 Casa México Paris Casa México Paris   004664 05/08/2025 082.1 B846 V.200   Livre 20210423LIV 751145101